000 nam a22 7a 4500
999 _c128004
_d128004
008 180604b xxu||||| |||| 00| 0 eng d
020 _a1880810484
050 _aBX3703.S959
100 _aJesuits
_98842
245 _aSupplement to the devine office for the society of Jesus
260 _aLindel Boulevard:
_bThe institute of Jesuit sources;
_c2002.
300 _axi:171p.;
_c18cm.
700 _aO'Keefe, Martin D.
_eed.
_941742
942 _2lcc
_cMONOGRAPH